Szczegóły MARC21

Naga małpa przed telewizorem : popkultura w świetle psychologii ewolucyjnej /

003 -Nazwa inst., której nr kontr. jest w polu 001 [,]
    • @
    • Nazwa instytucji, której n kontrolny jest w polu 001
    • NUKAT
005 -DATA I CZAS OSTATNIEJ MODYFIKACJI [,]
    • @
    • pole kontrolne
    • 20250710205717.0
020 -Międzynarod. znormalizowany nr książki - ISBN [ , ]
    • a
    • Numer ISBN
    • 9788360807859 Find
040 -Instytucja sporządzająca opis [ , ]
    • a
    • Instytucja, która sporządziła opis (NP)
    • Ł 68/BW
    • c
    • Instytucja, która sporządziła rekord (NP)
    • Ł 68/BW
    • d
    • Instytucja, która zmodyfikowała rekord (P)
    • Ł 68/MJs
    • d
    • Instytucja, która zmodyfikowała rekord (P)
    • KR U/APs
942 -Rodzaj dokumentu [ , ]
    • c
    • Rodzaj dokumentu
    • Książka
100 -Hasło główne - nazwa osobowa [1, ]
    • a
    • Nazwa osobowa (NP)
    • Szlendak, Tomasz
    • d
    • Daty biograficzne (NP)
    • (1974- ).
    • 9
    • KHW
    • 493225
245 -Strefa tytułu i oznaczenia odpowiedzialności [1,0]
    • a
    • Tytuł
    • Naga małpa przed telewizorem : Find
    • b
    • Ciąg dalszy tytułu (NP)
    • popkultura w świetle psychologii ewolucyjnej / Find
    • c
    • Pozostałe elementy strefy tytułu i oznaczenia odpowiedzialności (NP)
    • Tomasz Szlendak, Tomasz Kozłowski.
260 -Strefa adresu wydawniczego [ , ]
    • a
    • Miejsce wydania (P)
    • Warszawa :
    • b
    • Nazwa wydawcy (P)
    • Wydawnictwa Akademickie i Profesjonalne,
    • c
    • Data wydania (P)
    • cop. 2008.
300 -Strefa opisu fizycznego [ , ]
    • a
    • Określenie formy książki i/lub objętość (NP)
    • 345, [1] s. :
    • b
    • Oznaczenie ilustracji (NP)
    • il. ;
    • c
    • Format (NP)
    • 21 cm.
336 -Typ zawartości [ , ]
    • a
    • Termin opisujący typ zawartości
    • Tekst
    • b
    • Kod określający zawartość
    • txt
    • 2
    • Źródło (terminu i kodu)
    • rdacontent
337 -Typ mediów [ , ]
    • a
    • Tryb odtwarzania
    • Bez urządzenia pośredniczącego
    • b
    • Kod typu mediów
    • n
    • 2
    • Źródło (terminu i kodu)
    • rdamedia
338 -Typ/rodzaj nośnika [ , ]
    • a
    • Hasło opisujące typ nośnika
    • Wolumin
    • b
    • Kod typu nośnika
    • nc
    • 2
    • Źródło (terminu i kodu)
    • rdacarrier
490 -Strefa serii i książki wielotomowej - forma nie do wyszukiwania [1, ]
    • a
    • Tytuł (P)
    • Popkultura i Media Find
830 -Hasło dodatkowe serii i opisu książki wielotomowej - tytuł ujednolicony/tytuł [ ,0]
    • a
    • Tytuł ujednolicony/tytuł (NP)
    • Popkultura i Media
    • 9
    • KHW
    • 594
504 -Uwaga dot. bibliogr. załącznikowej [ , ]
    • a
    • Uwaga dot. bibliografii załącznikowej
    • Bibliogr. s. 338-[346].
650 -Hasło przedmiotowe [ ,7]
    • a
    • Hasło przedmiotowe
    • Psychologia genetyczna.
    • 2
    • Źródło terminu
    • kaba
    • 9
    • KHW
    • 126966
650 -Hasło przedmiotowe [ ,7]
    • a
    • Hasło przedmiotowe
    • Ewolucja zachowania.
    • 2
    • Źródło terminu
    • kaba
    • 9
    • KHW
    • 108362
650 -Hasło przedmiotowe [ ,7]
    • a
    • Hasło przedmiotowe
    • Kultura masowa.
    • 2
    • Źródło terminu
    • kaba
    • 9
    • KHW
    • 116411
650 -Hasło przedmiotowe [ ,7]
    • a
    • Hasło przedmiotowe
    • Telewizja
    • x
    • Określnik rzeczowy
    • aspekt psychologiczny.
    • 2
    • Źródło terminu
    • kaba
    • 9
    • KHW
    • 133167
650 -Hasło przedmiotowe [ ,7]
    • a
    • Hasło przedmiotowe
    • Telewizja i społeczeństwo.
    • 2
    • Źródło terminu
    • kaba
    • 9
    • KHW
    • 133196
700 -Hasło dodatkowe - nazwa osobowa [1, ]
    • a
    • Nazwa osobowa (NP)
    • Kozłowski, Tomasz Find
    • d
    • Daty biograficzne (NP)
    • (1980- ).
    • 9
    • KHW
    • 46546
920 -ISBN [ , ]
    • a
    • ISBN
    • 978-83-60807-85-9 Find
Numer inwentarzowy Status udost. Lokalizacja Data inwentaryzacji
Pd.199641BG2009-06-10